[Event "HCL-B3968"]
[Site "www.playchess.de"]
[Date "2006.03.28"]
[Round "5"]
[White "MrM"]
[Black "alexberk78"]
[WhiteElo "1239"]
[BlackElo "1100"]
[PlyCount "39"]
[Result "1-0"]

1.d4 Nc6 2.Nf3 e6 3.e4 f5 4.e5 Nge7 5.Nc3 Nd5 
6.Nxd5 exd5 7.Bd3 g6 8.O-O d6 9.Re1 dxe5 10.Nxe5 
Nxe5 11.Rxe5+ Be7 12.Bg5 O-O 13.Bxe7 Qe8 14.Bxf8 
Qxf8 15.Qe2 Bd7 16.Re1 Re8 17.Rxe8 Bxe8 18.Qxe8 
Qxe8 19.Rxe8+ Kf7 20.Rd8 1-0

[Event "HCL-E1593"]
[Site "www.playchess.de"]
[Date "2006.03.28"]
[Round "10"]
[White "carrillero"]
[Black "carlosmadeira"]
[WhiteElo "1607"]
[BlackElo "1593"]
[PlyCount "71"]
[Result "1/2-1/2"]

1.d4 {Hola}  d5 {oi,bueno juego e buena sorte 
hermano}  2.c4 dxc4 3.Nc3 e5 4.dxe5 Qxd1+ 5.Kxd1 
Be6 6.Nf3 Nc6 7.e3 O-O-O+ 8.Bd2 Bg4 9.Bxc4 Nxe5 
10.Be2 Bxf3 11.gxf3 Bb4 12.Kc2 Nf6 13.a3 Be7 
14.Rad1 a6 15.Rhg1 Rhg8 16.f4 Ng6 17.e4 Bc5 18.Be3 
Bxe3 19.fxe3 Rxd1 20.Rxd1 Rd8 21.e5 Rxd1 22.Bxd1 
Nd7 23.Ne4 h6 24.Kd3 Kd8 25.Ng3 Ne7 26.Bf3 c6 
27.Kc4 g6 28.b4 b5+ 29.Kd4 Kc7 30.Bg4 Nb6 31.Be2 
Nbd5 32.Bf3 Nb6 33.Be2 Nbd5 34.Bf3 Nb6 35.Be2 Nbd5 
36.Bf3 {(offering draw)}  1/2-1/2

[Event "HCL-T264"]
[Site "www.playchess.de"]
[Date "2006.03.28"]
[Round "1"]
[White "stevetilbury"]
[Black "gambitfan"]
[WhiteElo "1645"]
[BlackElo "1492"]
[PlyCount "49"]
[Result "1-0"]

1.e4 e5 2.Nf3 Nc6 3.Bb5 a6 4.Ba4 Nf6 5.O-O Be7 
6.d4 exd4 7.Re1 b5 8.e5 Nxe5 9.Rxe5 d6 10.Re1 bxa4 
11.Nxd4 Bd7 12.Qf3 O-O 13.Nc6 Bxc6 14.Qxc6 Rb8 
15.Qxa4 Rb6 16.Nc3 Re8 17.Bg5 Nd7 18.Bxe7 Rxe7 
19.Rxe7 Qxe7 20.Nd5 Qe2 21.Qxd7 Rb8 22.Qxc7 Re8 
23.h3 Qd2 24.Ne7+ Kf8 25.Nf5 1-0

[Event "HCL-A2676"]
[Site "www.playchess.de"]
[Date "2006.03.28"]
[Round "2"]
[White "pawnstorm"]
[Black "Aggie"]
[WhiteElo "1529"]
[BlackElo "1324"]
[PlyCount "29"]
[Result "1/2-1/2"]

1.e4 e5 2.Nf3 Nc6 3.Bb5 Nge7 4.d4 exd4 5.Nxd4 Nxd4 
6.Qxd4 c6 7.Bc4 Ng6 8.O-O b5 9.Bb3 d6 10.Nd2 c5 
11.Qd5 Be6 12.Qc6+ Bd7 13.Qd5 Be6 14.Qc6+ Bd7 
15.Qd5 {(offering draw)}  1/2-1/2

[Event "HCL-E1570"]
[Site "www.playchess.de"]
[Date "2006.03.28"]
[Round "5"]
[White "Fantaw"]
[Black "chess50"]
[WhiteElo "1665"]
[BlackElo "2104"]
[PlyCount "130"]
[Result "0-1"]

1.c4 {Hi! Good Luck!!}  c5 2.Nc3 Nc6 3.Nf3 Nf6 
4.d4 cxd4 5.Nxd4 e6 6.e4 Bb4 7.Be3 Nxe4 8.Qc2 Nxc3 
9.bxc3 Ba5 10.Rd1 Nxd4 11.Bxd4 O-O 12.Bd3 f5 
13.O-O b6 14.Rfe1 d6 15.f4 Qh4 16.g3 Qd8 17.Qg2 
Bd7 18.g4 fxg4 19.Qxg4 Rf7 20.Qh5 h6 21.Qg6 Rc8 
22.Rxe6 Bxe6 23.Qxe6 Kf8 24.Re1 Rcc7 25.Qg4 Rce7 
26.Rf1 Qc7 27.Bg6 Qxc4 28.f5 Rf6 29.Qf3 Kg8 
30.Qa8+ Rf8 31.Bh7+ Kxh7 32.Qxf8 Rf7 33.Qxd6 Bxc3 
34.Bxc3 Qxc3 35.Qg6+ Kg8 36.Qe6 Qd4+ 37.Kh1 Qg4 
38.Qc8+ Kh7 39.Qc2 Rf6 40.Qc7 Qe2 41.Rg1 Qf3+ 
42.Rg2 Qd1+ 43.Rg1 Qd5+ 44.Rg2 Rf7 45.Qc3 b5 46.h3 
Qxf5 47.Kh2 g5 48.Qc2 Kg6 49.Qc6+ Kh5 50.Qe8 b4 
51.Re2 Qf4+ 52.Kh1 Qf3+ 53.Kh2 a5 54.Re7 Qf2+ 
55.Kh1 Qf1+ 56.Kh2 Qf4+ 57.Kh1 Qc1+ 58.Kh2 Qd2+ 
59.Kg1 Qd4+ 60.Kg2 Qd5+ 61.Kg1 Qc5+ 62.Re3 Qc1+ 
63.Re1 Qf4 64.Kg2 Qf2+ 65.Kh1 Kh4 0-1

[Event "HCL-T249"]
[Site "www.playchess.de"]
[Date "2006.03.28"]
[Round "12"]
[White "Lupes"]
[Black "daveboy6968"]
[WhiteElo "800"]
[BlackElo "940"]
[PlyCount "41"]
[Result "1-0"]

1.e4 e5 2.Nf3 Nc6 3.c3 d6 4.Bb5 Bd7 5.d3 Bg4 6.O-O 
Qd7 7.Be3 a6 8.Ba4 b5 9.Bb3 f6 10.h3 Bxf3 11.Qxf3 
O-O-O 12.Rc1 Nge7 13.a4 b4 14.d4 bxc3 15.bxc3 Na5 
16.Bc2 Nc4 17.Qe2 Nxe3 18.Qxa6+ Kb8 19.Na3 c6 
20.Rcb1+ Kc7 21.Qb7+ 1-0

[Event "HCL-A2649"]
[Site "www.playchess.de"]
[Date "2006.03.29"]
[Round "13"]
[White "baggur"]
[Black "pirracas"]
[WhiteElo "1560"]
[BlackElo "1471"]
[PlyCount "63"]
[Result "1-0"]

1.e4 {hi}  c5 2.Nf3 Nc6 3.d4 cxd4 4.Nxd4 e5 5.Nb5 
a6 6.Nd6+ Bxd6 7.Qxd6 Qe7 8.Qd1 Nf6 9.Nc3 O-O 
10.Bg5 Qe6 11.Bxf6 Qxf6 12.Nd5 Qg6 13.Qf3 Nd4 
14.Ne7+ Kh8 15.Nxg6+ hxg6 16.Qd3 b5 17.c3 Ne6 
18.g3 Bb7 19.Bg2 Nc5 20.Qe2 Rad8 21.O-O-O f5 22.f3 
Bc6 23.h4 a5 24.h5 g5 25.exf5 Rxf5 26.g4 Rf4 
27.Qxe5 Ne6 28.h6 b4 29.hxg7+ Kg8 30.Rh8+ Kf7 
31.Rxd8 Nxd8 32.Qxg5 1-0

[Event "ACL-A655"]
[Site "www.playchess.de"]
[Date "2006.03.29"]
[Round "10"]
[White "M_L"]
[Black "Chascarrillo"]
[WhiteElo "1799"]
[BlackElo "2132"]
[PlyCount "71"]
[Result "1-0"]

1.e4 c5 2.Nf3 Nc6 3.d4 cxd4 4.Nxd4 d6 5.Nc3 Nf6 
6.Be2 e5 7.Nb3 a6 8.Be3 Be7 9.f3 O-O 10.O-O Qc7 
11.Na4 Nd7 12.Qd2 Nc5 13.Nc3 Nxb3 14.cxb3 Nb4 
15.Na4 d5 16.Rfc1 Qd8 17.Bb6 Qe8 18.exd5 a5 19.a3 
Na6 20.d6 Bh4 21.Bxa5 Be6 22.Nb6 Rd8 23.g3 Bf6 
24.Nd5 Rc8 25.Nxf6+ gxf6 26.Qh6 Nc5 27.Qxf6 Nd7 
28.Qe7 Rxc1+ 29.Rxc1 b6 30.Bd2 Qxe7 31.dxe7 Re8 
32.Rc7 Rxe7 33.Bb4 Re8 34.Bb5 Nf6 35.Bxe8 Nxe8 
36.Rb7 1-0

[Event "HCL-B3845"]
[Site "www.playchess.de"]
[Date "2006.03.29"]
[Round "21"]
[White "Genrry28"]
[Black "IRONMAIDEN"]
[WhiteElo "1516"]
[BlackElo "1268"]
[PlyCount "110"]
[Result "0-1"]

1.Nf3 {Good Luck Friend!!}  d5 {same to you, hope 
for an interesting game!}  2.d4 {me too!}  Nc6 
3.e3 Bg4 4.Be2 Nf6 5.h3 Bxf3 6.Bxf3 e6 7.O-O Ne4 
8.c4 Be7 9.Nc3 Nxc3 10.bxc3 O-O 11.cxd5 exd5 
12.Re1 Bf6 13.e4 dxe4 14.Bxe4 Qd6 15.Qh5 g6 16.Qg4 
Rfe8 17.a4 Na5 18.Bf4 Qe7 19.Qf3 c6 20.Rab1 Qd7 
21.Qg3 Nc4 22.Rb4 Nb6 23.a5 Nd5 24.Rb2 a6 25.Be5 
Bxe5 26.dxe5 Rab8 27.Rd1 Qe6 28.Bxd5 cxd5 29.Qf3 
Qxe5 30.Rxd5 Qe6 31.Rb6 Qe1+ 32.Kh2 Re7 33.Qf4 
Rbe8 34.Qd2 Qxd2 35.Rxd2 Rc8 36.Rc2 Rcc7 37.c4 Re5 
38.Ra2 Rec5 39.Rb4 R5xc4 40.Rbb2 R4c5 41.f3 
{(offering draw)}  Rb5 {I`ll go for it}  42.Rxb5 
axb5 43.Rb2 Rc5 44.g4 Kf8 45.Kg3 Ke7 46.Kf4 f6 
47.h4 Kd6 48.Rb4 Rc4+ 49.Rxc4 bxc4 50.Ke4 Kc5 
51.f4 Kb4 52.f5 c3 53.fxg6 hxg6 54.h5 gxh5 55.gxh5 
c2 0-1

[Event "HCL-E1573"]
[Site "www.playchess.de"]
[Date "2006.03.29"]
[Round "8"]
[White "ABE"]
[Black "alldrix"]
[WhiteElo "1638"]
[BlackElo "1635"]
[PlyCount "90"]
[Result "0-1"]

1.d4 {hi and good luck}  e6 2.c4 f5 3.Nf3 Nf6 
4.Bg5 Be7 5.Nc3 O-O 6.Bxf6 Bxf6 7.e3 c6 8.Bd3 d5 
9.O-O Bd7 10.Rc1 Be8 11.Qb3 Qe7 12.cxd5 cxd5 
13.Nb5 Nc6 14.Ne5 Bxe5 15.dxe5 a6 16.Nd6 Nxe5 
17.Nxe8 Nxd3 18.Qxd3 Raxe8 19.Rc3 Rec8 20.Rfc1 Qd7 
21.Qc2 Rxc3 22.Qxc3 h6 23.g3 Rd8 24.Qc7 Kh7 25.a4 
Kg6 26.b4 Kf6 27.b5 Ke7 28.bxa6 bxa6 29.Qc5+ Qd6 
30.Qd4 e5 31.Qc5 Qxc5 32.Rxc5 Rd6 33.a5 g6 34.f3 
Ke6 35.Kf2 d4 36.exd4 Rxd4 37.Rc6+ Rd6 38.Rc2 g5 
39.h3 Kd5 40.Ke3 f4+ 41.gxf4 exf4+ 42.Kf2 Ke5 
43.Ke2 h5 44.Rb2 Rd5 45.Ra2 Kd4 0-1

[Event "HCL-E1603"]
[Site "www.playchess.de"]
[Date "2006.03.29"]
[Round "7"]
[White "badplayer"]
[Black "treebeard"]
[WhiteElo "1579"]
[BlackElo "1554"]
[PlyCount "34"]
[Result "0-1"]

1.e4 {Hello from Delhi}  c6 {Hello from Marseille 
and good match
}  2.d4 d5 3.e5 Bf5 4.Bd3 Bxd3 5.Qxd3 Nd7 6.Ne2 e6 
7.c3 f6 8.f4 Ne7 9.O-O Nf5 10.Ng3 Nxg3 11.Qxg3 Qb6 
12.Kh1 Be7 13.Qxg7 Rf8 14.a4 fxe5 15.dxe5 Bc5 
16.Rf3 Qb3 17.Qxh7 Qd1+ 0-1

[Event "HCL-E1607"]
[Site "www.playchess.de"]
[Date "2006.03.29"]
[Round "7"]
[White "Mr_Bill"]
[Black "badplayer"]
[WhiteElo "1679"]
[BlackElo "1544"]
[PlyCount "41"]
[Result "1-0"]

1.d4 d5 {Greetings from Delhi}  2.Nf3 Nf6 3.Bg5 e6 
4.e3 {and how is life in India these days?}  Be7 
{materially we have made progress but spiritually 
we are going down}  5.Bd3 {ah...much the same here 
I think (depending upon how you define 
"spiritually")}  a6 {i meant anything to do with 
morals and ethics}  6.Nbd2 {yes...that is what I 
meant too}  h6 7.Bh4 O-O 8.O-O Nbd7 9.h3 b5 10.a4 
c6 11.axb5 cxb5 12.Bxb5 Qb6 13.Bxd7 Bxd7 14.b3 Bb5 
15.c4 dxc4 16.bxc4 Bd7 17.Ne5 Rfd8 18.c5 Qc7 
19.Qf3 Be8 20.Rfb1 Bb5 21.Rxb5 1-0

[Event "HCL-A2659"]
[Site "www.playchess.de"]
[Date "2006.03.29"]
[Round "10"]
[White "MimiSiku"]
[Black "tuGGy"]
[WhiteElo "1425"]
[BlackElo "1559"]
[PlyCount "59"]
[Result "1-0"]

1.e4 d5 2.exd5 Nf6 3.Nf3 Nxd5 4.d4 Bg4 5.c4 Nb6 
6.c5 Nd5 7.Qb3 b6 8.Be2 e6 9.cxb6 axb6 10.O-O Bd6 
11.Nc3 O-O 12.g3 Nxc3 13.bxc3 Nd7 14.Bg5 f6 15.Be3 
Qe7 16.Kg2 Ra3 17.Qc2 g5 18.Bc4 Kg7 19.Bb3 h5 
20.Qd2 Bxf3+ 21.Kxf3 e5 22.Rfe1 e4+ 23.Kg2 Kg6 
24.f4 exf3+ 25.Kxf3 f5 26.Kg2 Qe4+ 27.Kg1 h4 
28.Bxg5 Qg4 29.Bxh4 f4 30.Be6 1-0

[Event "HCL-A2624"]
[Site "www.playchess.de"]
[Date "2006.03.29"]
[Round "1"]
[White "tuGGy"]
[Black "victorabiodun03"]
[WhiteElo "1548"]
[BlackElo "1576"]
[PlyCount "69"]
[Result "1/2-1/2"]

1.e4 e6 2.f4 d5 3.Nc3 Nf6 4.e5 Nfd7 5.Nf3 c5 6.Bb5 
Nc6 7.O-O Be7 8.d3 Qb6 9.a4 a6 10.Bxc6 bxc6 11.a5 
Qc7 12.Qe2 O-O 13.h4 f6 14.Bd2 fxe5 15.fxe5 d4 
16.Ne4 Nxe5 17.Nxe5 Qxe5 18.Rxf8+ Bxf8 19.Rf1 Qc7 
20.Ng5 h6 21.Nxe6 Bxe6 22.Qxe6+ Kh8 23.Rf7 Qd6 
24.Qxd6 Bxd6 25.Kf2 Rf8 26.Rxf8+ Bxf8 {(offering 
draw)}  27.Kf3 Kg8 28.g4 Kf7 {(offering draw)}  
29.Ke4 Bd6 {
}  30.Bf4 Be7 31.g5 h5 {congrats on your promotion 
to E class}  32.Bc7 Ke6 33.c3 dxc3 34.bxc3 g6 
35.c4 {(offering draw)}  1/2-1/2

[Event "HCL-A2624"]
[Site "www.playchess.de"]
[Date "2006.03.29"]
[Round "3"]
[White "victorabiodun03"]
[Black "archship"]
[WhiteElo "1576"]
[BlackElo "1319"]
[PlyCount "76"]
[Result "1/2-1/2"]

1.f4 d5 2.Nf3 Nf6 3.d4 Ne4 4.e3 e6 5.Bd3 c5 6.c3 
Nc6 7.O-O Bd6 8.Nbd2 f5 9.Ne5 Nxe5 10.fxe5 Be7 
11.Nxe4 fxe4 12.Qa4+ Bd7 13.Bb5 cxd4 14.exd4 a6 
15.Bxd7+ Qxd7 16.Qxd7+ Kxd7 17.Rf7 Raf8 18.Rxg7 
Ke8 19.Be3 Rf7 20.Rxf7 Kxf7 21.Rf1+ Ke8 22.g3 b5 
23.Kf2 Rf8+ 24.Ke2 Rxf1 25.Kxf1 h5 26.h3 Kf7 27.g4 
Kg6 28.Kg2 Bg5 29.Bxg5 Kxg5 30.Kg3 h4+ 31.Kf2 Kf4 
32.b3 a5 33.a4 e3+ 34.Ke2 bxa4 35.bxa4 Ke4 36.Ke1 
Kf4 {(offering draw)}  37.Kf1 Ke4 {(offering 
draw)}  38.Ke2 {you may be right}  Kf4 {(offering 
draw)}  1/2-1/2

[Event "HCL-B3968"]
[Site "www.playchess.de"]
[Date "2006.03.29"]
[Round "8"]
[White "alexberk78"]
[Black "chn"]
[WhiteElo "1100"]
[BlackElo "1071"]
[PlyCount "44"]
[Result "0-1"]

1.e4 e5 2.Bc4 Qg5 3.Qf3 Qe7 4.Nc3 Nc6 5.Nd5 Qd6 
6.Nxc7+ Kd8 7.Nxa8 Be7 8.Qxf7 Nd4 9.Bb3 b6 10.c3 
Nxb3 11.axb3 Qc6 12.Qxg7 Qxe4+ 13.Ne2 d6 14.f3 Qf5 
15.Qxh8 Qg6 16.Nf4 Qg5 17.Qxh7 exf4 18.Qd3 Bf5 
19.Qc4 Qxg2 20.Rf1 Bc2 21.Rxa7 Bh4+ 22.Rf2 
Qxf2+ 0-1

[Event "HCL-E1594"]
[Site "www.playchess.de"]
[Date "2006.03.29"]
[Round "4"]
[White "Reinbo"]
[Black "Baldrick"]
[WhiteElo "1815"]
[BlackElo "1721"]
[PlyCount "26"]
[Result "0-1"]

1.e4 {Have a nice game.}  d5 {You too!}  2.exd5 
Qxd5 3.Nc3 Qd6 4.d4 Nf6 5.Nf3 a6 6.Be2 e6 7.O-O 
Be7 8.Re1 O-O 9.Bg5 Nbd7 10.Bd3 h6 11.Bh4 b5 
12.Ne4 Qb6 13.c3 Bb7 0-1

[Event "HCL-C4095"]
[Site "www.playchess.de"]
[Date "2006.03.29"]
[Round "16"]
[White "albertopv"]
[Black "alauddin"]
[WhiteElo "1201"]
[BlackElo "977"]
[PlyCount "35"]
[Result "1-0"]

1.d4 d5 2.Nc3 Nc6 3.e4 e6 4.Be3 Nf6 5.e5 Ne4 6.Bd3 
Nxc3 7.bxc3 b6 8.Nf3 Bd7 9.O-O f6 10.exf6 Qxf6 
11.a4 Bd6 12.Bg5 Qf7 13.Bd2 O-O-O 14.Ng5 Qf6 
15.Ba6+ Kb8 16.Bd3 Bf4 17.Bxf4 Qxf4 
18.Nh3 1-0

[Event "HCL-B3888"]
[Site "www.playchess.de"]
[Date "2006.03.29"]
[Round "9"]
[White "Teegran"]
[Black "Gideon"]
[WhiteElo "1400"]
[BlackElo "1133"]
[PlyCount "20"]
[Result "0-1"]

1.c4 {Hi and good game !}  e5 {Thanks, good 
game!..
}  2.Nc3 Nc6 3.g3 Nf6 4.Bg2 Bb4 5.Nd5 Nxd5 6.cxd5 
Ne7 7.a3 Bc5 8.b4 Bb6 9.Bb2 d6 10.e4 
O-O 0-1

[Event "HCL-C4216"]
[Site "www.playchess.de"]
[Date "2006.03.29"]
[Round "7"]
[White "Iron_Flower"]
[Black "Bense"]
[WhiteElo "1202"]
[BlackElo "1118"]
[PlyCount "65"]
[Result "1-0"]

1.d4 {Hi, from Leeuwarden, the Netherlands}  d6 
{Hi.}  2.c4 c6 3.Nc3 Qa5 4.Bd2 Qb6 5.Na4 Qxd4 6.e3 
Qf6 7.Bc3 Qe6 8.Nf3 a6 9.Be2 Nd7 10.Nd4 Qg6 11.O-O 
f5 12.Bh5 Qxh5 13.Qxh5+ g6 14.Qe2 Nb8 15.Nb6 Nd7 
16.Nxa8 b6 17.Nc7+ Kf7 18.Nxc6 Ngf6 19.Rad1 h5 
20.Rd2 Bg7 21.Rfd1 Bb7 22.Nxe7 Kxe7 23.R2xd6 Rd8 
24.Bb4 Kf7 25.c5 bxc5 26.Bxc5 Bc8 27.Qc4+ Kf8 
28.Ne6+ Ke8 29.Nxg7+ Kf8 30.Rxf6+ Kxg7 31.Qf7+ Kh8 
32.Rxd7 Bxd7 33.Rxg6 1-0

[Event "HCL-C4207"]
[Site "www.playchess.de"]
[Date "2006.03.29"]
[Round "8"]
[White "joffly"]
[Black "Sioux421"]
[WhiteElo "900"]
[BlackElo "800"]
[PlyCount "93"]
[Result "1-0"]

1.e4 e5 2.Nf3 Nc6 3.Bb5 Nf6 4.d3 Bc5 5.Be3 Bxe3 
6.fxe3 O-O 7.O-O Ng4 8.Qe2 Nf6 9.Bxc6 bxc6 10.Nc3 
d6 11.d4 Re8 12.d5 c5 13.Nd1 a5 14.c4 a4 15.a3 
Nxe4 16.Nd2 Nxd2 17.Qxd2 Qg5 18.Nc3 Qg4 19.e4 Ba6 
20.Qf2 f6 21.h3 Qg6 22.Qe2 Bb7 23.b4 axb3 24.Qb2 
Ba6 25.Qxb3 Rab8 26.Qa2 Ref8 27.a4 f5 28.exf5 Rxf5 
29.Nb5 Rf7 30.Rxf7 Qxf7 31.Rb1 Qe7 32.Na7 Rxb1+ 
33.Qxb1 Bxc4 34.Qb8+ Kf7 35.Nc8 Qd7 36.Qb7 Kf6 
37.Nb6 Qe8 38.Nxc4 Qxa4 39.Nb2 Qd4+ 40.Kh1 e4 
41.Qb3 e3 42.Nd1 e2 43.Qf3+ Ke5 44.Qh5+ Kf4 
45.Qxe2 Qxd5 46.Qg4+ Ke5 47.Qxg7+ 1-0

[Event "HCL-B3921"]
[Site "www.playchess.de"]
[Date "2006.03.29"]
[Round "3"]
[White "mc"]
[Black "kadarzol"]
[WhiteElo "1500"]
[BlackElo "1802"]
[PlyCount "57"]
[Result "1-0"]

1.e4 {hello ...}  e5 {good luck}  2.Nf3 Nc6 3.d4 
exd4 4.Nxd4 Nxd4 5.Qxd4 d6 6.Bc4 Be6 7.Bd3 c5 
8.Bb5+ Bd7 9.Bxd7+ Qxd7 10.Qd3 Be7 11.Nc3 Nf6 
12.Bf4 Nh5 13.Be3 Nf6 14.O-O-O Rd8 15.f3 O-O 16.g4 
a6 17.g5 Ne8 18.f4 b5 19.f5 {You took off for a 
few days...vacation??  If yes, I hope you had fun 
:-)  Now back to business...chess!}  f6 {i was in 
Austria for skiing. it was very-very good, 
thanks.}  20.h4 {Have not visited Austria, but I 
have seen a movie "Sound of Music" shot in 
Austria.  Beautiful scenic country :-)}  Nc7 {and 
more...}  21.Nd5 c4 22.Qd2 Nxd5 23.Qxd5+ Kh8 24.g6 
hxg6 25.fxg6 f5 26.h5 {I have no choice but to 
keep pressuring your king.  Pushing the h pawn is 
my only play for an initiative.}  f4 27.h6 
{marching h pawn ...}  Rf6 28.hxg7+ {check :)}  
Kxg7 {my only move...}  29.Rh7+ 1-0

[Event "HCL-A2574"]
[Site "www.playchess.de"]
[Date "2006.03.29"]
[Round "6"]
[White "DeepEcho"]
[Black "SMA"]
[WhiteElo "1800"]
[BlackElo "1175"]
[PlyCount "48"]
[Result "0-1"]

1.e4 e5 2.Nf3 Nc6 3.Bc4 Bc5 4.d3 Nf6 5.Nc3 d6 
6.Bg5 h6 7.Bxf6 Qxf6 8.Nd5 Qg6 9.Qe2 Kd8 10.c3 Bg4 
11.b4 Bb6 12.a4 Be6 13.a5 Qxg2 14.Rg1 Qxf2+ 
15.Qxf2 Bxf2+ 16.Kxf2 g5 17.Ke3 Ne7 18.Nxe7 Kxe7 
19.Bxe6 fxe6 20.h4 Raf8 21.Rg4 Rf4 22.Rag1 Rxg4 
{(offering draw)}  23.Rxg4 gxh4 24.Nxh4 
Rh7 0-1

[Event "HCL-A2647"]
[Site "www.playchess.de"]
[Date "2006.03.29"]
[Round "6"]
[White "Marvinni"]
[Black "grannialex"]
[WhiteElo "1720"]
[BlackElo "1826"]
[PlyCount "38"]
[Result "0-1"]

1.e4 e6 2.d3 b6 3.Nf3 c5 4.g3 Bb7 5.Bg2 Nf6 6.O-O 
Be7 7.Re1 Nc6 8.Nbd2 d5 9.e5 Nd7 10.Nf1 Qc7 11.Bf4 
h6 12.h4 O-O-O 13.c3 Rdg8 14.Ne3 g5 15.hxg5 hxg5 
16.Nxd5 exd5 17.e6 gxf4 18.exd7+ Qxd7 19.Nh4 
Bxh4 0-1

[Event "HCL-B3945"]
[Site "www.playchess.de"]
[Date "2006.03.29"]
[Round "1"]
[White "fighter"]
[Black "kadarzol"]
[WhiteElo "1346"]
[BlackElo "1804"]
[PlyCount "24"]
[Result "0-1"]

1.d4 g6 2.Nf3 Bg7 3.Bf4 c5 4.dxc5 Bxb2 5.Nbd2 Bxa1 
6.Qxa1 Nf6 7.Ne4 Rf8 8.Nfg5 Nxe4 9.Nxe4 f5 10.Nd6+ 
exd6 11.Bxd6 Qf6 12.Bxf8 Qxa1+ 0-1

[Event "HCL-B3853"]
[Site "www.playchess.de"]
[Date "2006.03.29"]
[Round "10"]
[White "unclcarle"]
[Black "speedmat"]
[WhiteElo "1057"]
[BlackElo "1374"]
[PlyCount "70"]
[Result "0-1"]

1.e4 {Greetings from NYC.  Have a great game}  e5 
2.Nf3 Nc6 3.Bb5 Nf6 4.O-O d6 5.d3 Bd7 6.Nc3 Be7 
7.Bg5 a6 8.Bxc6 Bxc6 9.Bxf6 Bxf6 10.a4 O-O 11.b4 
b5 12.axb5 axb5 13.Qe2 Qd7 14.Rfd1 Qc8 15.Ra2 Rxa2 
16.Nxa2 Qe6 17.c4 Ra8 18.Rc1 g6 19.Rc2 Kg7 20.cxb5 
Bxb5 21.h3 Qb3 22.Nc1 Qxb4 23.Rxc7 Ra1 24.Kh2 Qa5 
25.Rc8 Rb1 26.Qc2 Qa1 27.Nb3 Rh1+ 28.Kg3 Qa6 
29.Qc7 Bxd3 30.Qd8 Bxd8 31.Rxd8 {Stupid move on my 
part}  Qb6 32.Nbd2 Qxd8 33.Kg4 h5+ 34.Kg3 Qf6 
35.Nh4 Qf4+ 0-1

[Event "HCL-B3895"]
[Site "www.playchess.de"]
[Date "2006.03.29"]
[Round "12"]
[White "payaso"]
[Black "longino"]
[WhiteElo "1099"]
[BlackElo "1170"]
[PlyCount "82"]
[Result "0-1"]

1.c4 e6 2.Nc3 d6 3.g3 g6 4.Bg2 Bg7 5.d4 Ne7 6.Bg5 
O-O 7.e4 Nbc6 8.Nge2 Qd7 9.Qd2 Re8 10.O-O a6 11.a4 
b6 12.Qe3 Nb4 13.Qd2 {nice try :)}  a5 14.b3 Bb7 
15.Na2 Nbc6 16.Rad1 Rab8 17.b4 axb4 18.Nxb4 Nxb4 
19.Qxb4 c5 20.Qa3 Nc6 21.dxc5 bxc5 22.Qxc5 Qc8 
23.Qe3 Ne5 24.Qf4 Qxc4 25.Qd2 Qxa4 26.Nc3 Qc4 
27.Rdc1 Nd3 28.Ne2 Nxc1 29.Rxc1 Qb5 30.Nf4 Qxg5 
31.Qxd6 e5 32.Ne2 Ba6 33.Qxa6 Rb2 34.Qc6 Reb8 
35.h4 Qd2 36.Bf1 Bh6 37.Ra1 R2b1 38.Rxb1 Rxb1 
39.Qc8+ Kg7 40.Qc5 Qxe2 41.Qxe5+ 
Kg8 0-1

[Event "HCL-B3948"]
[Site "www.playchess.de"]
[Date "2006.03.29"]
[Round "16"]
[White "Veltliner"]
[Black "matthew"]
[WhiteElo "1272"]
[BlackElo "1312"]
[PlyCount "32"]
[Result "0-1"]

1.e3 e5 {hello}  2.Nc3 {good game}  d5 {you too}  
3.Qh5 Nc6 4.Bb5 Qd6 5.Nf3 Bd7 6.Bxc6 Bxc6 7.Nxe5 
g6 8.Qe2 Qxe5 9.d4 Qe6 10.O-O Bg7 11.Na4 Bxa4 
12.b3 Bc6 13.c3 Ne7 14.b4 a6 15.a4 O-O 16.a5 
Bb5 0-1

[Event "HCL-T264"]
[Site "www.playchess.de"]
[Date "2006.03.29"]
[Round "7"]
[White "Frost666"]
[Black "stevetilbury"]
[WhiteElo "1172"]
[BlackElo "1645"]
[PlyCount "55"]
[Result "1-0"]

1.e4 e5 2.Nf3 Nc6 3.Bb5 a6 4.Ba4 Nf6 5.O-O Nxe4 
6.Bxc6 bxc6 7.Re1 d5 8.d3 Nc5 9.Nxe5 Be6 10.Nxc6 
Qd6 11.Nd4 Be7 12.Nc3 O-O 13.Qf3 Bf6 14.Nxe6 fxe6 
15.Bf4 Qd7 16.Qg3 c6 17.Bd6 Bh4 18.Qxh4 Qxd6 19.d4 
Nd7 20.Re3 Rf4 21.Qg3 Raf8 22.Rf1 e5 23.Ne2 exd4 
24.Nxd4 R4f6 25.Rfe1 Qb4 26.Ne6 R8f7 27.Ng5 R7f8 
28.Qh3 1-0

[Event "HCL-B3692"]
[Site "www.playchess.de"]
[Date "2006.03.29"]
[Round "9"]
[White "JMD"]
[Black "knoppe"]
[WhiteElo "1354"]
[BlackElo "1234"]
[PlyCount "126"]
[Result "0-1"]

1.d4 {hello from Paris}  Nf6 {Hi, from Aarhus, DK} 
 2.Bg5 d5 3.Bxf6 gxf6 4.g3 Nc6 5.c3 Bf5 6.Nd2 Bh6 
7.e3 e5 8.Qh5 Bxe3 9.fxe3 Bg6 10.Qh3 Qd6 11.Ngf3 
Ne7 12.Nh4 c5 13.Bb5+ Nc6 14.Bxc6+ Qxc6 15.Nxg6 
fxg6 16.dxe5 fxe5 17.O-O-O O-O 18.Rhf1 b5 19.Nf3 
Qd6 20.Ng5 Qe7 21.Ne6 Rf6 22.Rxf6 Qxf6 23.Rf1 Qe7 
24.Qg4 a5 25.Rf5 b4 26.cxb4 cxb4 27.Rxe5 Qf6 
28.Qf4 Qe7 29.Ng5 Qc5+ 30.Kb1 Rf8 31.Nf7 Rxf7 
32.Re8+ Rf8 33.Qe5 Rxe8 34.Qxe8+ Kg7 35.Qe5+ Kh6 
36.Qf4+ Kg7 {(offering draw)}  37.Qe5+ Kh6 38.h4 
Qc4 39.Qg5+ Kg7 40.Qe7+ Kh6 {(offering draw)}  
41.Qf8+ Kh5 42.Qf3+ Kh6 43.g4 Kg7 44.h5 Qe4+ 
45.Qxe4 dxe4 46.hxg6 Kxg6 47.Kc2 Kg5 48.Kb3 Kxg4 
49.Ka4 h5 50.Kxa5 h4 51.Kxb4 h3 52.a4 h2 53.a5 h1Q 
54.a6 Qh8 55.b3 Qe5 56.a7 Qd5 57.Ka4 Qb7 58.b4 
Qxa7+ 59.Kb5 Kf3 60.Kc4 Kxe3 61.b5 Kd2 62.Kb4 e3 
63.Kc4 e2 0-1

[Event "HCL-B3909"]
[Site "www.playchess.de"]
[Date "2006.03.29"]
[Round "6"]
[White "IRONMAIDEN"]
[Black "Pluto"]
[WhiteElo "1203"]
[BlackElo "1500"]
[PlyCount "81"]
[Result "1-0"]

1.e4 {hello and a good game!}  e5 2.Nc3 Nf6 3.Bc4 
c6 4.Nf3 Bd6 5.O-O O-O 6.d3 Bc7 7.Bg5 b5 8.Bb3 a5 
9.a3 Na6 10.d4 exd4 11.Nxd4 Be5 12.Kh1 Qc7 13.g3 
Nc5 14.Bxf6 Bxf6 15.Nf5 Nxb3 16.cxb3 Bb7 17.f3 
Rad8 18.Re1 d5 19.exd5 cxd5 20.Nxb5 Qb6 21.Qd3 
Bxb2 22.Rab1 Bf6 23.Rbc1 Ba6 24.a4 g6 25.Nh6+ Kg7 
26.Ng4 Bg5 27.Qc3+ Kg8 28.Rcd1 Bxb5 29.axb5 Qxb5 
30.Re5 a4 31.bxa4 Qxa4 32.Rde1 h5 33.Rxg5 hxg4 
34.Rxg4 d4 35.Qd3 f5 36.Rxg6+ Kh7 37.Rg5 Rd5 
38.Re7+ Kh6 39.Reg7 Re5 40.R5g6+ Kh5 
41.g4+ 1-0

[Event "HCL-B3857"]
[Site "www.playchess.de"]
[Date "2006.03.29"]
[Round "3"]
[White "googleforu"]
[Black "Sporang"]
[WhiteElo "1187"]
[BlackElo "1026"]
[PlyCount "110"]
[Result "0-1"]

1.e4 e5 2.d4 f6 3.dxe5 fxe5 4.Nf3 Nc6 5.Bb5 d6 
6.Bxc6+ bxc6 7.Nc3 Nf6 8.Bg5 Be7 9.Qe2 O-O 
10.O-O-O Bg4 11.h3 Bxf3 12.gxf3 Nd7 13.Bxe7 Qxe7 
14.Qc4+ Qf7 15.Qxf7+ Rxf7 16.Rd3 Nc5 17.Re3 Raf8 
18.Rf1 R7xf3 19.Rxf3 Rxf3 20.h4 Rh3 21.f3 Rxh4 
22.b4 Nd7 23.Kd2 Nf6 24.Ne2 d5 25.exd5 cxd5 26.a3 
e4 27.fxe4 Nxe4+ 28.Kc1 Rh3 29.Nf4 Ng3 30.Nxh3 
Nxf1 31.Nf4 c6 32.a4 Ne3 33.Kd2 Nc4+ 34.Kc3 g5 
35.Nh5 Kf7 36.Kd4 Kg6 37.Ng3 g4 38.Kd3 Nb2+ 39.Ke3 
Kg5 40.Nh1 Nxa4 41.Kd4 Kf4 42.Kd3 h5 43.Ke2 Nc3+ 
44.Kf2 h4 45.Kg2 Na2 46.Nf2 Nxb4 47.c3 Na2 48.Nd3+ 
Ke3 49.Ne5 c5 50.Nxg4+ Kf4 51.Nf6 Nxc3 52.Kh3 d4 
53.Kxh4 d3 54.Nh5+ Kf3 55.Kh3 d2 0-1

[Event "HCL-C4190"]
[Site "www.playchess.de"]
[Date "2006.03.29"]
[Round "33"]
[White "dc"]
[Black "epenz"]
[WhiteElo "852"]
[BlackElo "937"]
[PlyCount "63"]
[Result "0-1"]

1.e4 {:-)}  e5 {hi}  2.d4 {:-)}  exd4 3.e5 Nc6 
4.Nf3 g6 5.Bg5 Nge7 6.Bc4 Bg7 7.Nbd2 Nxe5 8.Nxd4 
d6 9.Qe2 a6 10.N2f3 Nxf3+ 11.Nxf3 O-O 12.Rd1 b5 
13.Bb3 c5 14.c4 bxc4 15.Bxc4 a5 16.a4 d5 17.O-O 
Be6 18.Ne5 h6 19.Bxe7 Qxe7 20.Nc6 Qc7 21.Bxd5 Bxd5 
22.Ne7+ Kh7 23.Nxd5 Qc6 24.Ne7 Qxa4 25.Qd3 c4 
26.Qe4 Bxb2 27.Rd6 Rae8 28.Rxg6 Bg7 29.Rf6+ Kh8 
30.Rc6 Qb5 31.Rb1 Qe5 32.Ng6+ 0-1

[Event "HCL-C4190"]
[Site "www.playchess.de"]
[Date "2006.03.29"]
[Round "34"]
[White "mudelta"]
[Black "dc"]
[WhiteElo "1189"]
[BlackElo "852"]
[PlyCount "68"]
[Result "1-0"]

1.e4 {hi goodluck}  e5 {:-)}  2.c4 c5 3.Nc3 Nf6 
4.d3 Nc6 5.f4 Qe7 6.Nf3 Nd4 7.fxe5 d5 8.exf6 Qe6 
9.fxg7 Bxg7 10.cxd5 Qg4 11.Nxd4 cxd4 12.Qxg4 Bxg4 
13.Ne2 O-O 14.Nf4 f5 15.Be2 fxe4 16.Bxg4 Rae8 
17.Be6+ Kh8 18.dxe4 d3 19.O-O Bd4+ 20.Kh1 Bb6 
21.Bd2 Kg7 22.Bc3+ Kh6 23.Nxd3 a5 24.Rxf8 Rxf8 
25.Bd2+ Kg6 26.Ne5+ Kf6 27.Nd7+ Ke7 {nice.}  
28.Nxf8 Kxf8 29.Rf1+ Ke7 30.Rf7+ Kd6 31.Rxb7 Kc5 
32.Rxh7 Bd8 33.g4 Bf6 34.Bxa5 Bxb2 1-0